Leyes Nos. 19.926 a 19.950, decretos con fuerza de ley, tratados internacionales, sumario

Guardat en:
Dades bibliogràfiques
Format: Llibre
Idioma:espanyol
Publicat: Santiago Jurídica de Chile 2004
Edició:1a. ed
Matèries:
Etiquetes: Afegir etiqueta
Sense etiquetes, Sigues el primer a etiquetar aquest registre!

MARC

LEADER 00000nam a2200000 a 4500
001 UCK0945
003 CL-VaPUC
008 041029e20040000CL |||||||||||||||||spa|d
020 |a 9561015714 
082 0 4 |a 348.022  |b LEY  |2 21 
245 1 0 |a Leyes Nos. 19.926 a 19.950, decretos con fuerza de ley, tratados internacionales, sumario 
250 |a 1a. ed 
300 |a 378 p 
942 |c BK 
945 |d 20041029 00:00:00  |a cmena 
260 |a Santiago  |b Jurídica de Chile  |c 2004 
650 0 |a Tratados internacionales   |9 256056 
650 0 |a Derecho internacional  |9 255637 
650 7 |a DECRETOS CON FUERZA DE LEY  |2 CL-VaPUC  |9 389939 
583 |a last modification  |c 20041029 00:00:00  |k Rodrigo Vera 
999 |c 311092  |d 311090